000 00710nam a2200205 a 4500
001 000037720
005 20201002031115.0
008 121115s2012 dr 001 0 spa d
020 _a9789945473940
040 _aDO-SdBNP
_bspa
_cBNPHU
082 _a113.8
_bM385c
100 1 _aMartínez Cedeño, Héctor Luis,
_d1935-
_912658
245 1 0 _aCódigo de la vida /
_cHéctor Luis Martínez Cedeño.
260 _aSanto Domingo :
_bSantuario,
_c2012.
300 _a100 p. ;
_c22 cm.
590 _aInventariado, 2018/LP
650 4 _aOrigen de la vida
_xEnsayos, conferencias, etc.
_964180
650 4 _aCadena del ser (filosofía)
_xEnsayos, conferencias, etc.
_964181
910 _aValidado. Control de calidad EMS.
999 _c37210
_d37210